Světový tisk. Roč. 17, č. 53-66, 1987

Bibliographic Details
Format: Book
Language:Undetermined
Published: Praha ČTK 1987

MARC

LEADER 00000nam a2200000 a 4500
001 vtls001330944
003 SK-MaSNL
005 20260224110504.0
008 210928s1987 xx 0 und
035 |a SNK000283817 
040 |a SNK  |b slo  |c SNK  |e AACR2 
245 1 |a Světový tisk. Roč. 17, č. 53-66, 1987 
260 |a Praha  |b ČTK  |c 1987 
958 |a OND 
999 |c 976200  |d 978130 
952 |t P60, <06>, [BOOK], {606}  |a SNK  |b SNK  |y PREZ  |7 0  |p 17A0140000  |o snkČD 846/17/5/1987  |0 0  |1 1  |4 0  |d 1998-05-13  |l 0  |r 2005-01-02 00:00:00  |w 2026-02-24